Bilecik Bilecik Bilecik Bilecik Bilecik

Stephen Hawking/ (Record no. 68888)

MARC details
000 -BAŞLIK
Sabit Uzunluktaki Kontrol Alanı 00901nam a22003137a 4500
001 - KONTROL NUMARASI
Control Dosyası 0068210
003 - KONTROL NUMARASI KİMLİĞİ
Kontrol Alanı KOHA_MİRAKIL
005 - EN SON İŞLEM TARİHİ ve ZAMANI
Kontrol Alanı 20260207004751.0
007 - FİZİKSEL TANIM SABİT ALAN - GENEL BİLGİ
Sabit uzunluklu kontrol alanı ta
008 - SABİT UZUNLUKTAKİ VERİ ÖGELERİ - GENEL BİLGİ
Sabit Alan 230201b2018 tu |||gr||||#0|||1|eng |
020 ## - ISBN - ULUSLARARASI STANDART KİTAP NUMARASI
Isbn 9780194024020
040 ## - KATALOGLAMA KAYNAĞI
Özgün Kataloglama Kurumu TR-BiSEU
Kataloglama Dili tur
Çeviri Kurumu TR-BiSEU
Açıklama Kuralları rda
041 0# - DİL KODU
Metin ya da ses kaydının dil kodu eng
044 ## - YAYINLAYAN/ÜRETEN KURULUŞUN ÜLKE KODU
ISO country code tu
050 ## - SINIFLAMA ve YER NUMARASI
Sınıflama Numarası PE1128.R39
Yer Numarası S74 2018
100 1# - KİŞİ ADI
Yazar Adı (Kişi adı) Raynham, Alex.
245 1# - ESER ADI BİLDİRİMİ
Başlık Stephen Hawking/
Sorumluluk Bildirimi Alex Raynham ; Alex Raynham.
264 #1 - ÜRERİM, YAYIN, DAĞITIM ve TELİF BİLDİRİMİ
Yayın yeri Oxford :
Yayınlayan Oxford University Press
Yayın tarihi 2018
300 ## - FİZİKSEL TANIMLAMA
Sayfa, Cilt vb. 67 pages: illustrated; 22 cm.
336 ## - İÇERİK TÜRÜ
Content type term metin
Content type code txt
Source rdacontent
337 ## - MEDYA TÜRÜ
Media type term aracısız
Media type code n
Source rdamedia
338 ## - TAŞIYICI TÜRÜ
Carrier type term cilt
Carrier type code nc
Source rdacarrier
490 1# - DİZİ BİLDİRİMİ
Dizi Bildirimi Oxford Bookworms ;
Cilt Numarası 2
650 #0 - KONU BAŞLIĞI EK GİRİŞ - KONU TERİMİ
Konusal terim veya coğrafi ad English lietarture--fiction.
9 (RLIN) 50397
650 #0 - KONU BAŞLIĞI EK GİRİŞ - KONU TERİMİ
Konusal terim veya coğrafi ad İngiliz edebiyatı--hikaye.
9 (RLIN) 50469
830 1# - SERİ EK GİRİŞİ - TEKBİÇİM ESER ADI
Tekbiçim Başlık Oxford Bookworms ;
Volume number/sequential designation 2
9 (RLIN) 50239
907 ## - LOCAL DATA ELEMENT G, LDG (RLIN)
a Dil
942 ## - EK GİRİŞ ÖGELERİ (KOHA)
Source of classification or shelving scheme Library of Congress Classification
Koha item type Book
Holdings
Materyal Türü Kalıcı Konum Mevcut Konum Raf Yeri Sınıflandırma Kaynağı Edinim Bilgisi Ana Konular Alt Konular Yer Numarası Demirbaş Numarası Fatura Tarihi Maliyet, Alış Fiyatı Maliyet, Yenileme Fiyatı Geri Çekilme Durumu Kayıp Durumu Hasarlı Durumu Kredi için değil Kayıt Tarih Toplam Ödünçverme Son Görülme Tarihi Son Kontrol Tarihi
Book Prof. Dr. Azmi Özcan Kütüphanesi Prof. Dr. Azmi Özcan Kütüphanesi Birûni Salonu Library of Congress Classification Satın DİL VE EDEBİYAT İngiliz Dili PE1128.R39 S74 2018 0068210 02/02/2026 250.44 250.44         01/02/2023 3 06/03/2025 06/03/2025